| 000 | 00853nam a2200265 i 4500 | ||
|---|---|---|---|
| 001 | bgj | ||
| 100 | 1 | _aCOSERIU, Eugenio. | |
| 245 | 1 | 0 |
_aGeschichte der Sprachphilosophie : _bvon den Anfängen bis Rousseau / _cEugenio Coseriu ; neu bearbeitet und erweitert von Jörn Albrecht ; mit einer Vor-Bemerkung von Jürgen Trabant. |
| 260 |
_aTübingen ; _aBasel : _bA. Francke Verlag, _c2003. |
||
| 300 |
_aXXII, 410 s. : _bwykr. ; _c22 cm. |
||
| 490 | 1 |
_aUTB für Wissenschaft _v2266 |
|
| 504 | _aBibliogr. s. 390-405. Indeks. | ||
| 650 | 9 | _aJęzykoznawstwo | |
| 700 | 1 | _aALBRECHT, Jörn. | |
| 700 | 1 | _aTRABANT, Jürgen. | |
| 830 | _aUTB für Wissenschaft | ||
| 020 | _a3825222667 | ||
| 040 | _cBPK | ||
| 041 | 0 | _ager | |
| 044 | _aDEU | ||
| 080 | _a81'1 | ||
| 920 | _a3-88252-226-7 | ||
| 942 | _cKS | ||
| 008 | s gw f |000 0 ger | ||
| 999 |
_c49407 _d49407 |
||